Aplicaciones del MIPS en los ámbitos laboral, educativo y médico

Guardat en:
Dades bibliogràfiques
Autors principals: Castro Solano, Alejandro (Autor), Casullo, María Martina (Autor), Pérez, Marcelo Antonio (Autor)
Format: Llibre
Idioma:espanyol
Publicat: Buenos Aires Paidós 2004
Edició:1a. ed
Matèries:
Etiquetes: Afegir etiqueta
Sense etiquetes, Sigues el primer a etiquetar aquest registre!

MARC

LEADER 00000nam a2200000 a 4500
001 UCK1028
003 CL-VaPUC
008 041029e20040000AG |||||||||||||||||spa|d
020 |a 950126078X 
082 0 4 |a 153.93  |b CAS  |2 21 
100 0 |a Castro Solano, Alejandro  |e author  |9 488855 
700 0 |a Casullo, María Martina  |e author  |9 488856 
700 0 |a Pérez, Marcelo Antonio  |e author  |9 488857 
245 1 0 |a Aplicaciones del MIPS en los ámbitos laboral, educativo y médico 
250 |a 1a. ed 
300 |a 211 p 
942 |c BK 
945 |d 20041029 00:00:00  |a cmena 
260 |a Buenos Aires  |b Paidós  |c 2004 
650 0 |a Personalidad   |9 307255 
650 0 |a Tests psicológicos  |9 308644 
650 0 |a Procesos mentales superiores  |9 330839 
650 0 |a Psicología aplicada   |9 270762 
583 |a last modification  |c 20150713 04:27:28  |k Rodrigo Vera 
999 |c 311162  |d 311160 
952 |0 0  |1 0  |4 0  |6 153_930000000000000_CAS_2004  |7 0  |8 A  |9 380442  |a BIBEDU  |b BIBEDU  |d 2019-11-21  |i 4074572  |o 153.93 CAS 2004  |p 4074572  |r 2019-11-21  |w 2019-11-21  |y BK  |k PSI 
952 |0 0  |1 0  |4 0  |6 153_930000000000000_CAS_2004  |7 0  |8 A  |9 380443  |a BIBEDU  |b BIBEDU  |d 2019-11-21  |i 4359976  |o 153.93 CAS 2004  |p 4359976  |r 2019-11-21  |w 2019-11-21  |y BK  |k PSI